Statistics for H2O: Just add water - Characters

Click here to take the quiz!

General Stats

  • This quiz has been taken 125 times
  • The average score is 17 of 28

Answer Stats

HintAnswer% Correct
Mermaid that starts out shy (oh Naur ___)Cleo Sertori
100%
The kind mermaid that can freeze waterEmma Gilbert
97%
The annoying younger sister of the aboveKim Sertori
95%
New mermaid addition for season 3Isabella ("Bella") Hartley
94%
Rebel mermaid with a heart of goldRikki Chadwick
94%
Scientist with a passion for fishingLewis McCartney
91%
The local bad boy. Starts the series spolied and brattyZane Bennett
88%
The mermaid antagonist of season 2Charlotte Watsford
86%
Free diver in on the mermaids secretWilliam Benjamin
81%
Younger brother of the aboveElliot Gilbert
78%
Good friend of the above who is always getting into troubleNate
75%
The horse rider working at the JuiceNet Cafe. Dates one of the mermaids in season 2.Ash
64%
The stereotypical mean girlMiriam Kent
64%
Older sister of the above.One of the main antagonists of season 3Sophie Benjamin
64%
One of the original mermaid. Grandmother of season 2 antagonistGracie Watsford
62%
Swimmer and surfing champ. Dates one of the mermaids in season 1Byron
60%
Marries the above father in season 3Samantha Sertori
55%
One of the 3 original mermaids. Acts as a mentor to the main trio.Louise Chatham
47%
Marine biologist investigating the mermaids. Main antagonist of season 1Dr Linda Denman
45%
Father of the two aboveDonald Sertori
42%
The mistreated friend of the above.Tiffany
37%
Former partner of the above. Donates work on research to the trios fisherman friendMax Hamilton
35%
Father of the aboveNeil Gilbert
35%
Owner of the JuiceNet cafe before it is sold in season 3Wilfred
34%
Rich father of the local bad boy. Works with the above in season 1Harrison Bennett
33%
Mother the aboveLisa Gilbert
33%
Absentee father of the aboveTerry Chadwick
20%
Science teacher at the girls high schoolMs Taylor
12%

Score Distribution

Percentile by Number Answered

Percent of People with Each Score

Your Score History

You have not taken this quiz